| 000 -LEADER | |
|---|---|
| fixed length control field | 00460nam a22001817a 4500 |
| 005 - DATE AND TIME OF LATEST TRANSACTION | |
| control field | 20230109095218.0 |
| 008 - FIXED-LENGTH DATA ELEMENTS--GENERAL INFORMATION | |
| fixed length control field | 221216b |||||||| |||| 00| 0 eng d |
| 020 ## - INTERNATIONAL STANDARD BOOK NUMBER | |
| ISBN | 978-81-7754-422-0 |
| 041 ## - LANGUAGE CODE | |
| Language code of text/sound track or separate title | eng |
| 082 ## - DEWEY DECIMAL CLASSIFICATION NUMBER | |
| Classification number | 632.58-GUP-W |
| 100 ## - MAIN ENTRY--AUTHOR NAME | |
| Personal name | GUPTA ,O.P |
| 245 ## - TITLE STATEMENT | |
| Title | WEED MANAGEMENT PRINCIPLES AND PRACTICES |
| 250 ## - EDITION STATEMENT | |
| Edition statement | 3rd ed. |
| 260 ## - PUBLICATION, DISTRIBUTION, ETC. (IMPRINT) | |
| Place of publication | JODHPUR |
| Name of publisher | AGROBIOS (INDIA) |
| Year of publication | 2010 |
| 300 ## - PHYSICAL DESCRIPTION | |
| Number of Pages | 283;P. |
| 650 ## - SUBJECT ADDED ENTRY--TOPICAL TERM | |
| Topical Term | AGRICULTURE |
| 942 ## - ADDED ENTRY ELEMENTS (KOHA) | |
| Koha item type | Books |
| Lost status | Damaged status | Collection code | Home library | Current library | Shelving location | Date acquired | Source of acquisition | Cost, normal purchase price | Full call number | Accession Number | Koha item type |
|---|---|---|---|---|---|---|---|---|---|---|---|
| AGRICULTURE | JRU Library | JRU Library | SHELF-14-D | 18/10/2022 | LOHIA BOOK INTERNATIONAL | 1695.00 | 632.58-GUP-W | 26890 | Books | ||
| AGRICULTURE | JRU Library | JRU Library | SHELF-14-D | 18/10/2022 | LOHIA BOOK INTERNATIONAL | 1695.00 | 632.58-GUP-W | 26891 | Books | ||
| AGRICULTURE | JRU Library | JRU Library | SHELF-14-D | 18/10/2022 | LOHIA BOOK INTERNATIONAL | 1695.00 | 632.58-GUP-W | 26892 | Books |